रोशनी कैद है अंधेरों में / (Record no. 14829)
[ view plain ]
| 000 -LEADER | |
|---|---|
| fixed length control field | 01348nam a22002777a 4500 |
| 005 - DATE AND TIME OF LATEST TRANSACTION | |
| control field | 20080813125241.0 |
| 008 - FIXED-LENGTH DATA ELEMENTS--GENERAL INFORMATION | |
| fixed length control field | 080813t xxu||||| |||| 00| p hin d |
| 010 ## - LCCN (DPL NO) | |
| LC control number | HIN-83917 |
| 020 ## - INTERNATIONAL STANDARD BOOK NUMBER | |
| International Standard Book Number | 8186409734 |
| Terms of availability | 150.00 |
| 035 ## - SYSTEM CONTROL NUMBER | |
| System control number | HN-56263 |
| 035 ## - SYSTEM CONTROL NUMBER | |
| System control number | B-317762 |
| 037 ## - SOURCE OF ACQUISITION | |
| Source of stock number/acquisition | DBAD / PUB |
| 040 ## - CATALOGING SOURCE | |
| Original cataloging agency | DPL |
| Language of cataloging | HN |
| 082 ## - DEWEY DECIMAL CLASSIFICATION NUMBER | |
| Classification number | 821 |
| 100 ## - MAIN ENTRY--PERSONAL NAME | |
| Personal name | सक्सेना, सन्तोष 'विवेक' |
| 245 ## - TITLE STATEMENT | |
| Title | रोशनी कैद है अंधेरों में / |
| Statement of responsibility, etc | सन्तोष सक्सेना ' विवेक' |
| 246 ## - VARYING FORM OF TITLE | |
| Title proper/short title | Roshani kaid hai andheron mein |
| Remainder of title | by Santosh Saksena |
| 260 ## - PUBLICATION, DISTRIBUTION, ETC. (IMPRINT) | |
| Place of publication, distribution, etc | दिल्ली |
| Name of publisher, distributor, etc | जनवाणीप्रकाशन |
| Date of publication, distribution, etc | 2005 |
| 270 ## - ADDRESS | |
| Address | 30/35-36, Gali no. 9, Vishwas Nagar |
| City | Delhi |
| Postal code | 110032 |
| 300 ## - PHYSICAL DESCRIPTION | |
| Extent | 96पृ. |
| Dimensions | 22सेमी(सजिल्द) |
| 650 ## - SUBJECT ADDED ENTRY--TOPICAL TERM | |
| Topical term or geographic name as entry element | हिन्दी कविता |
| 650 ## - SUBJECT ADDED ENTRY--TOPICAL TERM | |
| Topical term or geographic name as entry element | Hindi Poem |
| 942 ## - ADDED ENTRY ELEMENTS (KOHA) | |
| Source of classification or shelving scheme | Dewey Decimal Classification |
| Item type | Hindi Books |
| Classification part | 821 |
| Call number suffix | सक्सेना |
| Withdrawn status | Lost status | Source of classification or shelving scheme | Damaged status | Not for loan | Collection code | Home library | Current library | Date acquired | Source of acquisition | Cost, normal purchase price | Total Checkouts | Full call number | Barcode | Date last seen | Copy number | Cost, replacement price | Koha item type |
|---|---|---|---|---|---|---|---|---|---|---|---|---|---|---|---|---|---|
| Dewey Decimal Classification | Not For Loan | Non-fiction | D.B.Act.Division | D.B.Act.Division | 13/08/2008 | DBAD / PUB | 150.00 | 821 सक्सेना | HN-56263 | 15/09/2008 | 1 | 150.00 | Hindi Books | ||||
| Dewey Decimal Classification | Non-fiction | Vinoba Puri | Vinoba Puri | 05/03/2009 | dbad / dup | 150.00 | 7 | 821 सक्सेना | B-317762 | 22/01/2019 | 1 | 150.00 | Hindi Books |
